Регионална библиотека "Любен Каравелов" - Русе

Русские песни (Запис номер 350333)

MARC детайли
000 -Лидер
Контролно поле с фиксирана дължина ncm a22 a 4500
003 - Код на организацията, давaща контролен номер
Контролно поле BLK
005 - Дата и час на последна редакция
Контролно поле 20200408105455.0
008 - Елементи от данни с фиксирана дължина
fixed length control field 200401b bu |||||r|||| 00| 0 bu d
040 ## - Източник на каталожния запис
Идентификатор на билиотеката - собственик на записа BLK
041 ## - Код за език
Код за езика на текст/звукозапис или на отделно заглавие Руски
Код за езика КДБФ Руски
080 ## - УДК
Текстов определител УДК Народни песни - исторически, хороводни, обичайни
УДК код - определител по УДК 784.4
УДК определител (470)
УДК - код + определител 784.4(470)
139 ## - Редно поле
Редна дума Русские песни
Авторски знак Рус - Р 93
245 ## - Сведения за заглавието
Заглавие Русские песни
Подзаглавни данни старинные народные песни
257 ## - Страна на издаване
Страна на създаване/издаване Русия
260 ## - Област на издателските данни
9 (RLIN) 211661
Място на издаване, разпространение и проч. Ленинград
Име на издателя, разпространителя и проч. Музгиз
Година на издаване 1953
300 ## - Физическа характеристика
Страници 510 с
Илюстрации и др. сноти
Размери/Мащаб 14 см
380 ## - Жанр
Жанр Изкуство
500 ## - Общи забележки
Забележка нотирана музика на старинни руски песни
650 #0 - Допълнително описание по предмет – тема
9 (RLIN) 316607
Основно описание – тема или топоним Песни, руски
650 #7 - Допълнително описание по предмет – тема
9 (RLIN) 166108
Основно описание – тема или топоним Песни
653 #7 - Ключова дума – ненормативна
9 (RLIN) 195903
Ключова дума руски народни песни
700 ## - Други автори (авторска отговорност)
9 (RLIN) 1478
Лично име Иванов, Азарий
Автороска отговорност (Описва отношението между автора и произведението) състав.
852 ## - Местоположение
Форматна сигнатура Цб М І 31
Фондова буква Хранилище
999 ## - СИСТЕМНИ КОНТРОЛНИ НОМЕРА
Koha biblionumber 350333
Koha biblioitemnumber 350333
942 ## - АРТИКУЛИ
Вид на библиотечния материал Нотни издания
Скрит в OPAC Не
Периодичен библиозапис Да
944 ## - СЪЗДАВАНЕ И РЕДАКЦИЯ на ЗАПИСА
Създаване/Редакция Създаване
Дата на регистрацията/редакция 2020-04-01
Служител, извършил регистрацията/редакцията Микаела Микова - Илиева
Статус, дата на статуса 2020-04-01
999 ## - СИСТЕМНИ КОНТРОЛНИ НОМЕРА
Koha biblioitemnumber 350333
Наличности
Код за отписване Код за изгубен артикул Източник на класификационната схема Код за повреда Коз за рестрикции Код за отдаване Артикулен № Име на библиотеката - собственик Име на библиотеката, в която се намира в момента Статус (Текущо местоположение) Дата на вписване в системата Местоположение - отдел Цена в лева Инвентарен номер Систематично азбучна сигнатура Баркод Цена в евро Служебен тип на артикула
  Не е изгубен Universal Decimal Classification Не е повреден само за читалня ползва се в читалня 758521 Регионална библиотека "Любен Каравелов" Русе Регионална библиотека "Любен Каравелов" Русе Хранилище 2020-04-06 Хранилище 1.40 5042/54 Цб М І 31 900000002258 0.72 Нотни издания
Vip Innovations Ltd, Rousse, Bulgaria 2025